[Event "YUG-ch sf"]
[Site "Kladovo"]
[Date "1996.??.??"]
[Round "?"]
[White "Marinkovic, Ivan"]
[Black "Mitrovic, Petar"]
[Result "0-1"]
[WhiteElo "2490"]
[BlackElo "2365"]
[PlyCount "70"]
[EventDate "1996.??.??"]
[EventType "swiss"]
[EventRounds "11"]
[EventCountry "YUG"]
[SourceTitle "EXT 2000"]
[Source "ChessBase"]
[SourceDate "1999.11.16"]
[SourceVersion "1"]
[SourceVersionDate "1999.11.16"]
[SourceQuality "1"]

1. e4 Nf6 2. e5 Nd5 3. d4 d6 4. Nf3 Bg4 5. Be2 e6 6. 0-0 Be7 7. c4 Nb6 8. h3 Bh5 9. Be3 0-0 10. Nbd2 Nc6 11. exd6 cxd6 12. Rc1 a5 13. Re1 Kh8 14. Rc3 f5 15. d5 exd5 16. Bxb6 Qxb6 17. cxd5 Bxf3 18. Bxf3 Ne5 19. Nc4 Qd8 20. Qb3 Bf6 21. Nb6 Rb8 22. Qb5 g5 23. Bh5 g4 24. Rec1 Bg7 25. Rc7 Qg5 26. Nd7 gxh3 27. g3 Qxh5 28. Nxb8 h2+ 29. Kg2 Qf3+ 30. Kxh2 Ng4+ 31. Kh3 Nxf2+ 32. Kh2 Ng4+ 33. Kh3 Ne3 34. Qa4 Qg2+ 35. Kh4 Qh2+ 0-1

[Event "YUG-chT"]
[Site "Vrnjacka Banja"]
[Date "1996.??.??"]
[Round "?"]
[White "Milijanovic, Goran"]
[Black "Mitrovic, Petar"]
[Result "0-1"]
[WhiteElo "2185"]
[BlackElo "2365"]
[PlyCount "58"]
[EventDate "1996.??.??"]
[EventType "team"]
[EventRounds "11"]
[EventCountry "YUG"]
[SourceTitle "EXT 2000"]
[Source "ChessBase"]
[SourceDate "1999.11.16"]
[SourceVersion "1"]
[SourceVersionDate "1999.11.16"]
[SourceQuality "1"]

1. g3 Nf6 2. Bg2 d5 3. c4 dxc4 4. Na3 e5 5. Nxc4 Bc5 6. e3 Qe7 7. Ne2 0-0 8. 0-0 Rd8 9. Qc2 Nc6 10. a3 Bg4 11. Nc3 Qe6 12. d3 Bh3 13. b4 Bxg2 14. Kxg2 Bf8 15. b5 Ne7 16. Bb2 c6 17. a4 Ned5 18. Rfd1 Rac8 19. Qe2 e4 20. Nxd5 Rxd5 21. dxe4 Rxd1 22. Rxd1 cxb5 23. Ne5 bxa4 24. Bd4 Nxe4 25. f3 Nc3 26. Bxc3 Rxc3 27. f4 a3 28. Rd2 f6 29. Nf3 Rxe3 0-1

[Event "YUG-chT"]
[Site "Vrnjacka Banja"]
[Date "1996.??.??"]
[Round "?"]
[White "Mitrovic, Petar"]
[Black "Popov, Sinisa S"]
[Result "1-0"]
[WhiteElo "2365"]
[BlackElo "2340"]
[PlyCount "91"]
[EventDate "1996.??.??"]
[EventType "team"]
[EventRounds "11"]
[EventCountry "YUG"]
[SourceTitle "EXT 2000"]
[Source "ChessBase"]
[SourceDate "1999.11.16"]
[SourceVersion "1"]
[SourceVersionDate "1999.11.16"]
[SourceQuality "1"]

1. e4 e6 2. d4 d5 3. e5 c5 4. c3 Nc6 5. Nf3 Bd7 6. Be2 Nge7 7. 0-0 Nf5 8. dxc5 Bxc5 9. Bd3 Nh4 10. Nbd2 0-0 11. b4 Nxf3+ 12. Nxf3 Be7 13. Qc2 h6 14. b5 Na5 15. Qa4 f5 16. exf6 Rxf6 17. Ne5 b6 18. Be3 Bd6 19. Bd4 Rf4 20. Qd1 Be8 21. Re1 Qg5 22. Re3 Bh5 23. Qc2 Rc8 24. Rg3 Qf6 25. Nd7 Qxd4 26. cxd4 Rxc2 27. Bxc2 Be8 28. Ne5 Rxd4 29. Re3 Rd2 30. Nf3 Rxc2 31. Rxe6 Bc5 32. Rxe8+ Kf7 33. Ra8 Rxf2 34. Rxa7+ Kf6 35. Kh1 Nc4 36. Rc7 Na3 37. Rc6+ Kf7 38. Ne5+ Kg8 39. Nd3 Rc2 40. Nxc5 bxc5 41. b6 Kh7 42. b7 Rb2 43. Rxc5 d4 44. Rc7 d3 45. Rd1 d2 46. Kg1 1-0

[Event "YUG-ch sf"]
[Site "Kladovo"]
[Date "1996.??.??"]
[Round "?"]
[White "Pikula, Dejan"]
[Black "Mitrovic, Petar"]
[Result "1-0"]
[WhiteElo "2455"]
[BlackElo "2365"]
[PlyCount "75"]
[EventDate "1996.??.??"]
[EventType "swiss"]
[EventRounds "11"]
[EventCountry "YUG"]
[SourceTitle "EXT 2000"]
[Source "ChessBase"]
[SourceDate "1999.11.16"]
[SourceVersion "1"]
[SourceVersionDate "1999.11.16"]
[SourceQuality "1"]

1. e4 c5 2. Nf3 Nc6 3. d4 cxd4 4. Nxd4 g6 5. c4 Bg7 6. Be3 Nf6 7. Nc3 Ng4 8. Qxg4 Nxd4 9. Qd1 Ne6 10. Qd2 0-0 11. f3 b6 12. Be2 Bb7 13. 0-0 f5 14. exf5 gxf5 15. Rad1 Bc6 16. Nd5 Qe8 17. Rfe1 Kh8 18. Bf1 Rg8 19. Bf2 Qf7 20. Kh1 Rae8 21. b4 Nf8 22. b5 Bb7 23. a4 e6 24. Nf4 e5 25. Nd5 Re6 26. c5 bxc5 27. Bxc5 d6 28. Bg1 Rg6 29. Qa2 Bh6 30. Re2 Ne6 31. Rc2 Qg7 32. Rc6 e4 33. fxe4 fxe4 34. Rxd6 e3 35. Rc6 Bxc6 36. bxc6 Nd4 37. Nxe3 Nf3 38. Nf5 1-0

[Event "YUG-chT"]
[Site "Niksic"]
[Date "1996.??.??"]
[Round "?"]
[White "Ristic, Nenad"]
[Black "Mitrovic, Petar"]
[Result "1-0"]
[WhiteElo "2445"]
[BlackElo "2385"]
[PlyCount "55"]
[EventDate "1996.??.??"]
[EventType "team"]
[EventRounds "12"]
[EventCountry "YUG"]
[SourceTitle "EXT 2000"]
[Source "ChessBase"]
[SourceDate "1999.11.16"]
[SourceVersion "1"]
[SourceVersionDate "1999.11.16"]
[SourceQuality "1"]

1. d4 c5 2. e4 cxd4 3. c3 d5 4. exd5 Nf6 5. Bb5+ Bd7 6. Bc4 dxc3 7. Nxc3 g6 8. Qb3 Na6 9. d6 e6 10. Qxb7 Nc5 11. Qf3 Bxd6 12. Bh6 Bf8 13. Bf4 Bg7 14. Bc7 Qc8 15. Bd6 Nb7 16. Ba6 Bc6 17. Bb5 Bxb5 18. Nxb5 Nd5 19. Rd1 a6 20. Nc7+ Nxc7 21. Qc6+ Qd7 22. Qxb7 Rc8 23. Be5 Bxe5 24. Rxd7 Kxd7 25. Nf3 Bd6 26. 0-0 Rb8 27. Qe4 Rxb2 28. Qd4 1-0